[Event "Enschede op-C U14"]
[Site "Enschede"]
[Date "2009.08.05"]
[Round "6"]
[White "Vos, Tjark"]
[Black "Van Andel, Michiel"]
[Result "1/2-1/2"]
[WhiteElo "1790"]
[BlackElo "1655"]
[PlyCount "91"]
[EventDate "2009.08.03"]
[EventType "swiss"]
[EventRounds "7"]
[EventCountry "NED"]
[SourceTitle "CBM 132 Extra"]
[Source "ChessBase"]
[SourceDate "2009.11.03"]
[SourceVersion "1"]
[SourceVersionDate "2009.11.03"]
[SourceQuality "1"]

1. e4 e5 2. Nf3 Nc6 3. d4 exd4 4. Nxd4 Bc5 5. Be3 Qf6 6. c3 Nge7 7. g3 0-0 8. Bg2 d6 9. 0-0 Bb6 10. Na3 Be6 11. Nxe6 fxe6 12. Nc2 Ne5 13. Qe2 N7c6 14. f4 Nd7 15. Bh3 Rae8 16. Qc4 Qf7 17. Rf2 Bxe3 18. Nxe3 Nb6 19. Qe2 Qg6 20. f5 exf5 21. Bxf5 Qg5 22. Raf1 Kh8 23. Bc8 Rxf2 24. Qxf2 h6 25. Bxb7 Ne5 26. Ba6 Qg6 27. Qf5 Qxf5 28. exf5 Re7 29. Be2 Kg8 30. Kf2 Kf7 31. Rd1 Kf6 32. a4 a5 33. Nd5+ Nxd5 34. Rxd5 Nc6 35. Bf3 Re5 36. Rxe5 Nxe5 37. Be4 c5 38. b3 Ng4+ 39. Kg2 Ne3+ 40. Kf3 Nxf5 41. Bxf5 Kxf5 42. c4 Ke5 43. Ke3 Kf5 44. h3 h5 45. Kf3 g6 46. Ke3 1/2-1/2

[Event "Twente Young Master op-D"]
[Site "Twente"]
[Date "2007.08.10"]
[Round "9"]
[White "Lagaert, Lisa"]
[Black "Van Andel, Michiel"]
[Result "0-1"]
[WhiteElo "600"]
[BlackElo "1241"]
[PlyCount "87"]
[EventDate "2007.08.06"]
[EventType "swiss"]
[EventRounds "13"]
[EventCountry "NED"]
[SourceTitle "EXT 2008"]
[Source "ChessBase"]
[SourceDate "2007.11.25"]
[SourceVersion "1"]
[SourceVersionDate "2007.11.25"]
[SourceQuality "1"]

1. d4 Nf6 2. Nf3 Nc6 3. e3 d5 4. Nbd2 Bg4 5. c4 e6 6. Qb3 Bxf3 7. Qxb7 dxc4 8. Nxf3 Nb4 9. Qb5+ Qd7 10. Qxc4 Qc6 11. Qxc6+ Nxc6 12. Bb5 Kd7 13. Ne5+ Kd6 14. Bxc6 Rb8 15. Nxf7+ Kxc6 16. Nxh8 Bb4+ 17. Bd2 Bxd2+ 18. Kxd2 Rxh8 19. Rac1+ Kd7 20. Kd3 Ng4 21. Rc2 Rf8 22. f3 Nf6 23. e4 Rb8 24. Rc4 Ne8 25. Rc3 Rxb2 26. Rc2 Rb7 27. Kc3 Rb6 28. Kd3 Rb7 29. Ke2 Rb4 30. Rd1 Nd6 31. d5 e5 32. Rdc1 Rb7 33. g3 Nb5 34. Ke3 Nd4 35. Rd2 Rb4 36. f4 exf4+ 37. gxf4 Nb5 38. Rcc2 Nd6 39. Rd4 Rb6 40. Rd3 Rb4 41. e5 Nf5+ 42. Kf2 Rxf4+ 43. Rf3 Rxf3+ 44. Kxf3 0-1